Bilancia práce za SR, oblasti a okresy v roku 1992

Guardado en:
Detalles Bibliográficos
Formato: Libro
Lenguaje:eslovaco
Publicado: Bratislava Štatistický úrad SR 1994
Colección:Slovenská štatistika
Materias:
Etiquetas: Agregar Etiqueta
Sin Etiquetas, Sea el primero en etiquetar este registro!

MARC

LEADER 00000nam a2200000 4500
001 c005257
005 20251009082925.3
041 0 |a slo 
044 |a SK 
245 1 0 |a Bilancia práce za SR, oblasti a okresy v roku 1992  |c Daniela Mazúrová 
264 1 |a Bratislava  |b Štatistický úrad SR  |c 1994 
300 |a 56 s. 
490 1 |a Slovenská štatistika 
830 0 |a Slovenská štatistika 
610 2 0 |a Slovensko 
610 2 0 |a bilancia síl pracovných 
610 2 0 |a pracovníci 
610 2 0 |a vlastníctvo 
610 2 0 |a odvetvia činnosti ekonomickej 
610 2 0 |a zdroje pracovné